LEADER 06907nam 22008173u 450 001 9910789739303321 005 20231110221717.0 010 $a2-7598-0797-5 010 $a2-84254-223-1 024 7 $a10.1051/978-2-84254-223-8 035 $a(CKB)2670000000129393 035 $a(EBL)3155119 035 $a(SSID)ssj0000599250 035 $a(PQKBManifestationID)12232698 035 $a(PQKBTitleCode)TC0000599250 035 $a(PQKBWorkID)10595988 035 $a(PQKB)10824789 035 $a(MiAaPQ)EBC3155119 035 $a(DE-B1597)573386 035 $a(DE-B1597)9782842542238 035 $a(MiAaPQ)EBC6810510 035 $a(Au-PeEL)EBL6810510 035 $a(OCoLC)1245056838 035 $a(PPN)17024556X 035 $a(EXLCZ)992670000000129393 100 $a20151005d2009|||| u|| | 101 0 $aeng 135 $aur|n|---||||| 181 $ctxt 182 $cc 183 $acr 200 10$aHepatite B$b[electronic resource] 210 $aLes Ulis $cEDP Sciences$d2009 215 $a1 online resource (574 p.) 225 0 $aMonographie 300 $aDescription based upon print version of record. 311 $a2-84254-131-6 327 $tFrontmatter -- $tListe des auteurs -- $tSommaire -- $tAvant-propos -- $tPréface The past is prologue: the profundity, productivity and progress of the early HBV years -- $t1. Le virus de l?hépatite B -- $t2 Variabilité génétique du virus de l?hépatite B -- $t3 Les modèles d?étude du virus de l?hépatite B -- $t4 Virus de l?hépatite B : cibles des traitements antiviraux et mécanismes de résistance du virus aux agents antiviraux -- $t5 Épidémiologie de l?hépatite B -- $t6 Histoire naturelle de l?infection par le virus de l?hépatite B -- $t7 Réponses immunes et immunopathogenèse au cours des hépatites B aiguës et chroniques -- $t8 Mécanismes de la fibrogenèse au cours de l?infection virale B -- $t9 Virus de l?hépatite B et carcinogenèse hépatique -- $t10 Marqueurs virologiques de l?hépatite B et utilisation pratique des tests -- $t11 Lésions histopathologiques de l?hépatite B -- $t12 Évaluation non invasive de la sévérité de la maladie hépatique liée au virus de l?hépatite B -- $t13 Résultats des essais thérapeutiques dans l?hépatite chronique B -- $t14 Traitement de première ligne de l?hépatite chronique B -- $t15. Prévention, diagnostic et prise en charge de la résistance aux analogues nucléos(t)idiques dans l?hépatite chronique B -- $t16 Traitement de la cirrhose virale B -- $t17 Épidémiologie et prise en charge du carcinome hépatocellulaire associé à l?infection virale B -- $t18 Virus de l?hépatite B et transplantation hépatique : indications et résultats -- $t19 Prévention et prise en charge de la récidive virale B après transplantation hépatique -- $t20 Les manifestations extrahépatiques de l?infection par le virus de l?hépatite B -- $t21 Co-infection par le virus de l?hépatite B et le virus de l?hépatite C -- $t22 Co-infection par le virus de l?hépatite B et le virus de l?hépatite D -- $t23 Co-infection par le virus de l?hépatite B et le virus de l?immunodéficience humaine -- $t24 Virus de l?hépatite B et alcool -- $t25 Virus de l?hépatite B et syndrome métabolique -- $t26 L?hépatite B de l?enfant -- $t27 L?hépatite B chez la femme enceinte -- $t28 Dépistage, prévention et traitement de la réactivation virale B en hémato-oncologie et chez les patients immunodéprimés -- $t29 Hépatite chronique virale B : nouvelles perspectives thérapeutiques -- $t30 Vaccination contre l?hépatite B -- $tRecommandations de pratiques cliniques de l?European Association for the Study of the Liver (EASL). Prise en charge de l?hépatite chronique B -- $tIndex thématique 330 $aTrois cent cinquante millions de porteurs chroniques dans le monde, environ un million de décès chaque année, un vaccin efficace mais décrié en France, des traitements de plus en plus performants mais inaccessibles dans les régions les plus touchées par l?endémie. Près d?un demi-siècle après la découverte du virus de l'hépatite B, les défis posés par l'infection restent considérables. L'estimation récente de l'Institut de veille sanitaire a montré que la prévalence de l'infection par le virus de l'hépatite B était voisine de celle de l'infection par le virus de l'hépatite C en France. Les populations migrantes et les couches les plus défavorisées de la société sont les plus touchées. Le développement récent de molécules antivirales puissantes possédant une barrière génétique élevée contre la résistance permet en théorie de contrôler la très grande majorité des hépatites chroniques B. Cependant, l'obligation de traiter longtemps, sans doute à vie, une infection a priori incurable pose des problèmes difficiles d'indication thérapeutique, d'observance et de résistance. Aux campagnes de vaccination massive des nouveau-nés, enfants et adolescents dans la plupart des pays d'Asie, d'Europe et d'Afrique, la France oppose un décalage qui devrait être rapidement corrigé. La publication d'un ouvrage de référence sur l'hépatite B, après celui sur l'hépatite C, s'imposait donc. Les meilleurs spécialistes français se sont réunis pour faire le point sur les connaissances les plus récentes, sous l'oeil bienveillant de Harvey Alter, co-découvreur du virus de l'hépatite B avec Baruch Blumberg, prix Nobel de Médecine, alors que l'European Association for the Study of the Liver (EASL) publiait ses première recommandations de pratiques cliniques sur la prise en charge de l'hépatite chronique B et que notre ministre lançait, pour les années 2009-2012, un nouveau plan de lutte contre les hépatites virales. La publication de cet ouvrage arrive, nous semble-t-il, bien à propos. 410 0$aMonographie 606 $aHepatitis B 606 $aHepatitis, Viral 606 $aHepatitis, Viral, Human 606 $aHepadnaviridae Infections 606 $aHepatitis 606 $aDNA Virus Infections 606 $aVirus Diseases 606 $aDiseases 606 $aLiver Diseases 606 $aDigestive System Diseases 606 $aHepatitis B 615 4$aHepatitis B. 615 4$aHepatitis, Viral. 615 2$aHepatitis, Viral, Human 615 2$aHepadnaviridae Infections 615 2$aHepatitis 615 2$aDNA Virus Infections 615 2$aVirus Diseases 615 2$aDiseases 615 2$aLiver Diseases 615 2$aDigestive System Diseases 615 2$aHepatitis B 700 $aPawlotsky$b J.M$01497667 701 $aDhumeaux$b D$01497668 801 0$bAU-PeEL 801 1$bAU-PeEL 801 2$bAU-PeEL 906 $aBOOK 912 $a9910789739303321 996 $aHepatite B$93722900 997 $aUNINA LEADER 04063nam 2200625Ia 450 001 9910955030403321 005 20200520144314.0 010 $a9786612161193 010 $a9781282161191 010 $a1282161199 010 $a9789027296467 010 $a9027296464 024 7 $a10.1075/la.64 035 $a(CKB)1000000000556509 035 $a(Au-PeEL)EBL622882 035 $a(CaPaEBR)ebr10041613 035 $a(CaONFJC)MIL216119 035 $a(OCoLC)302169095 035 $a(MiAaPQ)EBC622882 035 $a(DE-B1597)720177 035 $a(DE-B1597)9789027296467 035 $a(EXLCZ)991000000000556509 100 $a20030519d2003 uy 0 101 0 $aeng 135 $aurcn||||||||| 181 $ctxt$2rdacontent 182 $cc$2rdamedia 183 $acr$2rdacarrier 200 00$aMultiple Wh-fronting /$fedited by Cedric Boeckx, Kleanthes K. Grohmann 205 $a1st ed. 210 $aAmsterdam ;$aPhiladelphia $cJ. Benjamins$dc2003 215 $ax, 302 p 225 1 $aLinguistik aktuell =$aLinguistics today,$x0166-0829 ;$vv. 64 311 08$a9781588114198 311 08$a1588114198 311 08$a9789027227874 311 08$a902722787X 320 $aIncludes bibliographical references and index. 327 $aMultiple Wh-Fronting -- Editorial page -- Title page -- LCC page -- Table of contents -- Acknowledgements -- List of contributors -- Introduction -- References -- Symmetries and asymmetries in multiple checking -- Conclusion -- Notes -- References -- On wh-islands and obligatory wh-movement contexts in South Slavic -- Notes -- References -- On the nature of multiple fronting in Yiddish -- Notes -- References -- On the morphosyntax of wh-movement -- Notes -- References -- German is a multiple wh-fronting language! -- Conclusion -- Notes -- References -- Deriving Anti-Superiority effects -- Conclusion -- Notes -- References -- Conjoined questions in Hungarian -- Summary -- Notes -- References -- Persian wh-riddles -- Notes -- References -- Non-wh-fronting in Basque -- Concluding remarks -- Notes -- References -- Malagasy as an optional multiple wh-fronting language -- Summary -- Notes -- References -- Multiple wh-fronting in Serbo-Croatian matrix questions and the matrix sluicing construction -- Conclusion -- Notes -- References -- Index -- The series LINGUISTIK AKTUELL/LINGUISTICS TODAY. 330 $aTypological differences in the formation of multiple Wh-questions are well-known. One option is fronting all Wh-phrases to the sentence periphery. The contributions to this volume all explore this option from a number of perspectives. Topics covered include finer investigations of the "classic" multiple Wh-fronting languages (such as the South Slavic languages Bulgarian and Serbo-Croatian), extensions to less well studied languages (Basque, Malagasy, Persian, Yiddish), explorations for languages that don't obviously fall into this category (German, Hungarian), peripheral effects (optionality of fronting, Superiority vs. Anti-Superiority etc.), interface issues (with semantics, pragmatics, and phonology), and simply theoretical approaches aiming to capture the mechanisms involved in multiple Wh-fronting strategies. The theoretical framework adopted throughout is the Minimalist Program, viewed from different angles. This volume brings together some of the leading experts on the syntax of Wh-questions and offers up-to-date analyses of the topic. It will be indispensable for scholars investigating multiple Wh-questions, and will find an appropriate audience in advanced students and faculty alike. 410 0$aLinguistik aktuell ;$vBd. 64. 606 $aExtraction (Linguistics) 606 $aLinguistics 615 0$aExtraction (Linguistics) 615 0$aLinguistics. 676 $a415 701 $aBoeckx$b Cedric$0304502 701 $aGrohmann$b Kleanthes K$0508357 801 0$bMiAaPQ 801 1$bMiAaPQ 801 2$bMiAaPQ 906 $aBOOK 912 $a9910955030403321 996 $aMultiple Wh-fronting$94347647 997 $aUNINA